Generátor príkladov pre geometrické postupnosti

Na minha lista:
Detalhes bibliográficos
Autor principal: Kecera, Patrik (Author)
Outros Autores: Omachelová, Milada (Thesis advisor)
Formato: Manuscrito Livro
Idioma:eslovaco
Publicado em: 2023
Assuntos:
Acesso em linha:http://is.stuba.sk/zp/portal_zp.pl?podrobnosti=162667
Tags: Adicionar Tag
Sem tags, seja o primeiro a adicionar uma tag!

MARC

LEADER 00000ntm a22000003a 4500
001 stuzp92356
003 SK-STU
005 20230909212903.6
007 ta
008 150427s2015----xo-----f-mn---000-0-slo-d
040 |a STU  |b slo 
041 0 |a slo 
100 1 |a Kecera, Patrik  |u 070200  |4 aut  |U FIIT Fakulta informatiky a informačných technológií  |T FIIT Ústav informatiky, informačných systémov a softvérového inžinierstva  |X 110815  |U I200  |Y 179  |7 110815 
242 0 1 |a Mathematical problem generator for geometric sequences  |y eng 
245 1 0 |a Generátor príkladov pre geometrické postupnosti 
260 |c 2023 
650 4 |a geometrická postupnosť  |2 slo 
650 4 |a generátor  |2 slo 
650 4 |a Wolfram Mathematica  |2 slo 
650 4 |a generator  |2 eng 
650 4 |a geometric seqeunce  |2 eng 
650 4 |a Wolfram Mathematica  |2 eng 
700 1 |a Omachelová, Milada  |u 070200  |k Z1  |4 ths  |U FIIT Fakulta informatiky a informačných technológií  |T FIIT Ústav informatiky, informačných systémov a softvérového inžinierstva  |X 2272  |U I200  |Y 179  |7 A000002272 
856 4 |u http://is.stuba.sk/zp/portal_zp.pl?podrobnosti=162667